Oeuvres de Michel de Montaigne / (Record no. 159999)
[ view plain ]
| 000 -LEADER | |
|---|---|
| campo de control de longitud fija | 00778nam a22002055i 4500 |
| 001 - NÚMERO DE CONTROL | |
| campo de control | 159999 |
| 003 - IDENTIFICADOR DE NÚMERO DE CONTROL | |
| campo de control | ES-MaACL |
| 005 - FECHA Y HORA DE LA ÚLTIMA TRANSACCIÓN | |
| campo de control | 20240501063051.0 |
| 008 - DATOS DE LONGITUD FIJA--INFORMACIÓN GENERAL | |
| campo de control de longitud fija | 040915s1838 fr |||| | fre d |
| 040 ## - FUENTE DE CATALOGACIÓN | |
| Centro catalogador/agencia de origen | CAM |
| Lengua de catalogación | spa |
| Centro/agencia transcriptor | CAM |
| 100 1# - ENTRADA PRINCIPAL--NOMBRE DE PERSONA | |
| Nombre de persona | Montaigne, Michel de, |
| Fechas asociadas al nombre | 1533-1592 |
| 9 (RLIN) | 82329 |
| 245 10 - MENCIÓN DEL TÍTULO | |
| Título | Oeuvres de Michel de Montaigne / |
| Mención de responsabilidad, etc. | avec notice biographique par J.-A.-C. Buchon. |
| 260 ## - PUBLICACIÓN, DISTRIBUCIÓN, ETC. | |
| Lugar de publicación, distribución, etc. | Paris : |
| Nombre del editor, distribuidor, etc. | Auguste Desrez imprimeur-éditeur, |
| Fecha de publicación, distribución, etc. | 1838. |
| 300 ## - DESCRIPCIÓN FÍSICA | |
| Extensión | XLVIII, 806 p. ; |
| Dimensiones | 26 cm. |
| 490 1# - MENCIÓN DE SERIE | |
| Mención de serie | Panthéon littéraire. Littérature française. Philosophie |
| 700 11 - ENTRADA AGREGADA--NOMBRE PERSONAL | |
| Nombre de persona | Buchon, Jean-Alexandre. |
| 9 (RLIN) | 126221 |
| 830 0# - PUNTO DE ACCESO ADICIONAL DE SERIE-TÍTULO UNIFORME | |
| Título uniforme | Panthéon littéraire. Littérature française. Philosophie |
| 9 (RLIN) | 222004 |
| 852 ## - LOCALIZACIÓN | |
| Ubicación | ES-MaACL |
| Número de control de estantería | G-13981 |
| Nota libre | -- Enc. hol. |
| Estatus retirado | Estado de pérdida | Estado de daño | No para préstamo | Colección | Biblioteca de origen | Biblioteca actual | Ubicación en estantería | Fecha de adquisición | Fuente de adquisición | Total de préstamos | Signatura topográfica completa | Código de barras | Visto por última vez | Precio de reemplazo | Tipo de ítem Koha |
|---|---|---|---|---|---|---|---|---|---|---|---|---|---|---|---|
| Libros del s. XIX | Biblioteca del Ateneo de Madrid | Biblioteca del Ateneo de Madrid | Sala Pecera Planta 3 | 17/01/2008 | G-13981 | 1167504 | 23/02/2023 | 23/02/2023 | Libro impreso antiguo |
